000 00310nam a2200157Ia 4500
100 _aSmith/R.J/ Dorf R.C
250 _a5
942 _cBK
654 _asystems
245 _aCircuits
260 _bWiley
_aNew york
_c1992
082 _a621.38132
_bSMI
300 _a868
546 _aENGLISH
999 _c22134
_d22134